[Event "AUTO-ADV-1679"]
[Site "http://www.queenalice.com/game.php?id=742142"]
[Date "2010.3.6"]
[Round "1"]
[White "lisangelo"]
[Black "donkiko"]
[Result "1/2-1/2"]
[WhiteElo "1826"]
[BlackElo "1909"]

1. e4 c5 2. Nf3 Nc6 3. Nc3 e5 4. Bc4 h6 5. O-O d6 6. b4 cxb4 7. Nd5 Be6 8. c3
bxc3 9. dxc3 Nf6 10. Be3 Nxe4 11. Qc2 Nf6 12. Rfd1 Be7 13. Nxe7 Qxe7 14. Bxe6
Qxe6 15. Qd3 Rd8 16. Qb5 Qd7 17. Rab1 b6 18. Qa4 O-O 19. c4 Na5 20. Qxd7 Rxd7
21. c5 bxc5 22. Rb5 Nc4 23. Bd2 Nxd2 24. Nxd2 Rfd8 25. a4 a6 26. Rb6 Ra7 27. Nc4
a5 28. Nxd6 Ne4 29. f3 Nc3 30. Ra1 Nd5 31. Nb5 Nxb6 32. Nxa7 Rd4 33. Nc6 Rd5 34.
Ne7+ Kf8 35. Nxd5 Nxd5 36. Rc1 Nb6 37. Rxc5 Nxa4 38. Rxa5 Nb6 39. Rxe5 Nc4 40.
Rc5 Nd6 41. Rc7 Nb5 42. Rc1 g5 43. Rc6 Kg7 44. Rb6 1/2-1/2

[Event "AUTO-ADV-1679"]
[Site "http://www.queenalice.com/game.php?id=742143"]
[Date "2010.3.6"]
[Round "1"]
[White "donkiko"]
[Black "lisangelo"]
[Result "1-0"]
[WhiteElo "1847"]
[BlackElo "1842"]

1. c4 c5 2. Nc3 Nf6 3. e4 e5 4. d3 Nc6 5. Bg5 h6 6. Bh4 g5 7. Bg3 b5 8. cxb5 Nd4
9. Bxe5 Qe7 10. Bg3 d5 11. e5 Bg4 12. f3 Bf5 13. Nge2 Nh5 14. Nxd5 Qd7 15. Nec3
Nxg3 16. Nf6+ Kd8 17. Nxd7 Nxh1 18. Nf6 c4 19. g4 Be6 20. dxc4 Bc5 21. Bg2 Kc8
22. Bxh1 h5 23. gxh5 Rd8 24. Qa4 Nxf3+ 25. Bxf3 Rd3 26. Bxa8 1-0

[Event "AUTO-ADV-1679"]
[Site "http://www.queenalice.com/game.php?id=742156"]
[Date "2010.3.6"]
[Round "1"]
[White "zemorais"]
[Black "donkiko"]
[Result "0-1"]
[WhiteElo "1738"]
[BlackElo "1865"]

1. e4 c5 2. Nf3 Nc6 3. Be2 e5 4. O-O Nf6 5. d3 h6 6. b3 d6 7. c3 g5 8. h3 Be6 9.
Nh2 Qd7 10. Nd2 a6 11. Nc4 Qc7 12. Bb2 b5 13. Ne3 h5 14. Nd5 Nxd5 15. exd5 Bxd5
16. Bf3 Bxf3 17. Qxf3 O-O-O 18. Qf5+ Kb7 19. Qxg5 Be7 20. Qe3 f5 21. a4 d5 22.
axb5 axb5 23. Nf3 Bd6 24. Ng5 Qe7 25. c4 d4 26. Qd2 f4 27. Ne4 b4 28. Nxd6+ Qxd6
29. Qe2 Qg6 30. Qf3 Ra8 31. Rxa8 Rxa8 32. Ra1 Rxa1+ 33. Bxa1 Kb6 34. Qd5 Qxd3
35. Bb2 Qxb3 36. Bxd4 Qd1+ 37. Kh2 Qxd4 38. Qf3 h4 39. Qe2 b3 40. Qe1 Qxc4 41.
f3 b2 42. Qb1 Qc1 0-1

[Event "AUTO-ADV-1679"]
[Site "http://www.queenalice.com/game.php?id=742157"]
[Date "2010.3.6"]
[Round "1"]
[White "donkiko"]
[Black "zemorais"]
[Result "1-0"]
[WhiteElo "1876"]
[BlackElo "1725"]

1. c4 e5 2. Nc3 Nf6 3. e4 Bc5 4. h3 O-O 5. Nf3 d6 6. a3 b6 7. d3 c6 8. b4 Bd4 9.
Qb3 Be6 10. Rb1 a5 11. Ne2 a4 12. Qc2 c5 13. b5 Nbd7 14. Bg5 h6 15. Bh4 Qc7 16.
Nexd4 exd4 17. g4 Ne5 18. Be2 Nxf3+ 19. Bxf3 g5 20. Bg3 Nd7 21. h4 Qd8 22. Bxd6
Qf6 23. Qe2 Rfd8 24. e5 Qf4 25. Bxa8 Rxa8 26. f3 Kg7 27. hxg5 Qxg5 28. Qe4 Qe3+
29. Qxe3 dxe3 30. Ke2 f6 31. Kxe3 Nxe5 32. Rbd1 Rd8 33. Bc7 Rd7 34. Bxb6 Rb7 35.
Bxc5 Nd7 36. Bd4 Ne5 37. Rh5 Nd7 38. Rdh1 Bf7 39. Rxh6 Bg6 40. f4 Nf8 41. f5 Bf7
42. Rxf6 Re7+ 43. Kd2 Rd7 44. Rg6# 1-0

[Event "AUTO-ADV-1679"]
[Site "http://www.queenalice.com/game.php?id=742166"]
[Date "2010.3.6"]
[Round "1"]
[White "donkiko"]
[Black "gfreire"]
[Result "1-0"]
[WhiteElo "1833"]
[BlackElo "1788"]

1. c4 e5 2. Nc3 Nf6 3. e4 Bc5 4. h3 Nc6 5. Nf3 O-O 6. a3 a6 7. d3 Bd4 8. Bg5 d6
9. Nd5 Bxb2 10. Ra2 Bd4 11. Nxf6+ gxf6 12. Bh6 Re8 13. g4 Bc3+ 14. Nd2 Ne7 15.
Qf3 Ng6 16. h4 Kh8 17. g5 Nf4 18. Rg1 Rg8 19. Kd1 Rg6 20. Rg3 fxg5 21. hxg5 Be6
22. Bh3 1-0

[Event "AUTO-ADV-1679"]
[Site "http://www.queenalice.com/game.php?id=742167"]
[Date "2010.3.6"]
[Round "1"]
[White "gfreire"]
[Black "donkiko"]
[Result "0-1"]
[WhiteElo "1803"]
[BlackElo "1818"]

1. e4 c5 2. Nc3 e5 3. Nf3 Nc6 4. Nd5 a6 5. Bc4 h6 6. b3 b5 7. Bd3 Nf6 8. Bb2 d6
9. c4 bxc4 10. Bxc4 Nxe4 11. O-O Bg4 12. Be2 Be6 13. Bc4 Nf6 14. Nxf6+ gxf6 15.
Bxe6 fxe6 16. Ba3 f5 17. d3 Rg8 18. g3 f4 19. Nh4 Qg5 20. Bc1 Qxh4 21. Kh1 fxg3
22. fxg3 Rxg3 0-1

[Event "AUTO-ADV-1737"]
[Site "http://www.queenalice.com/game.php?id=764411"]
[Date "2010.4.22"]
[Round "1"]
[White "vindaloo"]
[Black "donkiko"]
[Result "0-1"]
[WhiteElo "1844"]
[BlackElo "1920"]

1. e4 c5 2. c4 Nc6 3. Nc3 e5 4. d3 d6 5. g3 h6 6. Bg2 a6 7. a4 Nf6 8. Nge2 Be7
9. O-O Be6 10. f4 exf4 11. Bxf4 g5 12. Bd2 Ne5 13. Na2 Nxd3 14. Qc2 Ne5 15. b4
Bxc4 16. Be1 Qc7 17. Bf2 Bd3 18. Qd2 Bc4 19. bxc5 dxc5 20. Nac3 Rd8 21. Qc2 Bd3
22. Qc1 c4 23. Qb2 Rd7 24. Nd4 Bxf1 25. Rxf1 Nd3 26. Qe2 Bc5 27. Nd5 Nxd5 28.
exd5+ Re7 29. Qc2 Nxf2 30. Qxf2 Qb6 31. Rd1 O-O 32. Kh1 Rfe8 33. Bf3 Qf6 34. Kg2
b6 35. Qd2 Re3 36. Ne2 Qxf3+ 0-1

[Event "AUTO-ADV-1737"]
[Site "http://www.queenalice.com/game.php?id=764412"]
[Date "2010.4.22"]
[Round "1"]
[White "donkiko"]
[Black "vindaloo"]
[Result "1-0"]
[WhiteElo "1906"]
[BlackElo "1853"]

1. c4 c5 2. Nc3 e6 3. e4 d6 4. Nf3 Nf6 5. d3 Be7 6. Bg5 O-O 7. Be2 Nc6 8. a3 Nd7
9. Bxe7 Qxe7 10. h3 Nde5 11. Qd2 a6 12. O-O Bd7 13. Nxe5 Nxe5 14. f4 Nc6 15.
Rae1 Nd4 16. b4 cxb4 17. axb4 b5 18. f5 e5 19. Nd5 Nxe2+ 20. Rxe2 bxc4 21. Nxe7+
1-0

[Event "AUTO-ADV-1737"]
[Site "http://www.queenalice.com/game.php?id=764427"]
[Date "2010.4.22"]
[Round "1"]
[White "donkiko"]
[Black "forki"]
[Result "1-0"]
[WhiteElo "1948"]
[BlackElo "1623"]

1. c4 c5 2. Nc3 Nc6 3. g3 Nf6 4. e4 d6 5. d3 Bg4 6. f3 Bd7 7. Bg5 e6 8. Bh3 h6
9. Be3 Be7 10. Nge2 O-O 11. a3 Qb6 12. b4 Qd8 13. bxc5 dxc5 14. f4 Re8 15. e5
Nh7 16. Ne4 Nd4 17. Nxd4 cxd4 18. Bd2 Bc6 19. Qe2 Bxe4 20. Qxe4 Rb8 21. a4 Qb6
22. O-O f5 23. exf6 Bxf6 24. Rab1 Qc6 25. Qxc6 bxc6 26. Bxe6+ Kf8 27. Bd7 Re2
28. Rxb8+ Kf7 29. Bb4 h5 30. Rb7 Kg6 31. h4 Rb2 32. Bxc6 1-0

[Event "AUTO-ADV-1737"]
[Site "http://www.queenalice.com/game.php?id=764428"]
[Date "2010.4.22"]
[Round "1"]
[White "forki"]
[Black "donkiko"]
[Result "0-1"]
[WhiteElo "1755"]
[BlackElo "1933"]

1. d4 c5 2. Nf3 d5 3. g3 Nc6 4. Bg2 Bf5 5. O-O Nf6 6. Nc3 a6 7. a4 Nb4 8. Ne1 e6
9. Na2 Nxa2 10. Rxa2 c4 11. c3 b5 12. Nc2 h6 13. axb5 axb5 14. Rxa8 Qxa8 15. Bd2
Bd6 16. Ne3 Bg6 17. Qa1 O-O 18. Rc1 Ne4 19. Be1 f5 20. f3 Nf6 21. g4 fxg4 22.
fxg4 Be4 23. Bg3 Bxg3 24. hxg3 Bxg2 25. Kxg2 Ne4 26. Rf1 Qxa1 27. Rxa1 Rf2+ 28.
Kh3 Ng5+ 0-1

[Event "AUTO-ADV-1679"]
[Site "http://www.queenalice.com/game.php?id=785074"]
[Date "2010.6.3"]
[Round "2"]
[White "ppeteleco"]
[Black "donkiko"]
[Result "1-0"]
[WhiteElo "2423"]
[BlackElo "1954"]

1. e4 c5 2. Nf3 Nc6 3. Bb5 Qc7 4. O-O a6 5. Bxc6 dxc6 6. d4 Bg4 7. dxc5 e5 8. b4
Rd8 9. Qe2 Nf6 10. Nbd2 Be7 11. h3 Bh5 12. g4 Bg6 13. Bb2 Nd7 14. Nc4 f6 15.
Rfd1 O-O 16. Nh4 Bf7 17. Nf5 Rfe8 18. a4 b5 19. Ncd6 Bxd6 20. cxd6 Qb6 21. Ne7+
Kf8 22. a5 Qa7 23. Nxc6 Qb7 24. Nxd8 Rxd8 25. f3 Bc4 26. Qe3 Nb8 27. g5 Kf7 28.
gxf6 gxf6 29. Qh6 Ke6 30. Kh2 Be2 31. Rd5 Nd7 32. Qxh7 Re8 33. Qf5+ Kf7 34. Rg1
Rf8 35. Qh7+ 1-0

[Event "AUTO-ADV-1679"]
[Site "http://www.queenalice.com/game.php?id=785075"]
[Date "2010.6.3"]
[Round "2"]
[White "donkiko"]
[Black "ppeteleco"]
[Result "0-1"]
[WhiteElo "1952"]
[BlackElo "2460"]

1. c4 e5 2. Nc3 Nf6 3. e4 Nc6 4. Nf3 Bc5 5. h3 O-O 6. a3 d6 7. d3 Nd4 8. Be3 Be6
9. Bxd4 Bxd4 10. Qd2 Nd7 11. b4 Bxc3 12. Qxc3 Qf6 13. Be2 Qg6 14. g4 Rfe8 15.
Qd2 Nf8 16. Nh4 Qf6 17. Nf5 Ng6 18. g5 Qd8 19. h4 d5 20. h5 Nf4 21. Rg1 Bxf5 22.
exf5 dxc4 23. dxc4 Qd4 24. Ra2 Nxe2 25. Qxe2 Qc3+ 26. Kf1 Qc1+ 27. Kg2 Qxg5+ 28.
Kf1 Qxf5 29. Rg3 a5 30. b5 Qb1+ 31. Kg2 Rad8 32. Rd2 Rxd2 33. Qxd2 Qe4+ 34. Kh2
Qxc4 35. Qg5 g6 36. h6 Qc5 37. Qf6 Qf8 38. Qh4 e4 39. Re3 Qd6+ 40. Kg2 f5 0-1

[Event "AUTO-ADV-1679"]
[Site "http://www.queenalice.com/game.php?id=785078"]
[Date "2010.6.3"]
[Round "2"]
[White "donkiko"]
[Black "gedalias"]
[Result "1/2-1/2"]
[WhiteElo "1942"]
[BlackElo "2082"]

1. c4 e5 2. Nc3 Nc6 3. e4 d6 4. d3 Nf6 5. Bg5 Be7 6. Nf3 h6 7. Bh4 Bg4 8. h3 Bh5
9. Be2 Bxf3 10. Bxf3 Nh7 11. Bxe7 Qxe7 12. Nd5 Qd8 13. a3 O-O 14. O-O Nd4 15. b4
c6 16. Nc3 Ng5 17. Bg4 f5 18. exf5 Nxf5 19. Ne4 Nxe4 20. dxe4 Nd4 21. f4 Qb6 22.
Kh2 Rxf4 23. Bf5 Rxf1 24. Qxf1 Nxf5 25. Qxf5 Qc7 26. Rf1 Qe7 27. Qg6 Rf8 28.
Rxf8+ Qxf8 29. Qe6+ Kh8 30. Kg1 Qb8 31. g4 1/2-1/2

[Event "AUTO-ADV-1679"]
[Site "http://www.queenalice.com/game.php?id=785079"]
[Date "2010.6.3"]
[Round "2"]
[White "gedalias"]
[Black "donkiko"]
[Result "1/2-1/2"]
[WhiteElo "2030"]
[BlackElo "1951"]

1. e4 c5 2. Nf3 e5 3. Bc4 Nc6 4. O-O h6 5. c3 a6 6. d3 Nf6 7. Bd5 d6 8. a3 Be7
9. h3 O-O 10. c4 Nxd5 11. cxd5 Nd4 12. Nxd4 cxd4 13. f4 f5 14. fxe5 dxe5 15. Nd2
b5 16. b4 a5 17. Rb1 axb4 18. axb4 Qc7 19. Nf3 fxe4 20. dxe4 Rf6 21. Bd2 Bd6 22.
Ra1 Bb7 23. Rxa8+ Bxa8 24. Nh4 Qf7 25. Rxf6 Qxf6 26. Qg4 Bb7 27. Nf5 Kh7 28.
Nxd6 Qxd6 29. Qh5 Qe7 30. Qf3 Bc8 31. Qh5 Bd7 32. Be1 Be8 33. Qf3 g5 34. Bg3 Bg6
35. Be1 Kg7 1/2-1/2

[Event "AUTO-ADV-1737"]
[Site "http://www.queenalice.com/game.php?id=821620"]
[Date "2010.8.22"]
[Round "2"]
[White "afonso092"]
[Black "donkiko"]
[Result "1-0"]
[WhiteElo "1912"]
[BlackElo "1954"]

1. e4 c5 2. Nf3 Nc6 3. a3 a6 4. d4 cxd4 5. Nxd4 e5 6. Nf3 h6 7. Bc4 Nf6 8. Nc3
Bc5 9. O-O d6 10. h3 O-O 11. Qe2 Be6 12. Ba2 b5 13. Nd5 1-0

[Event "AUTO-ADV-1737"]
[Site "http://www.queenalice.com/game.php?id=821621"]
[Date "2010.8.22"]
[Round "2"]
[White "donkiko"]
[Black "afonso092"]
[Result "0-1"]
[WhiteElo "1936"]
[BlackElo "1930"]

1. c4 e6 2. Nc3 Nf6 3. Nf3 d5 4. cxd5 Nxd5 5. Nxd5 Qxd5 6. e3 Bd6 7. Qc2 O-O 8.
Bd3 g6 9. b3 Qc5 10. Bb2 Qxc2 11. Bxc2 Nc6 12. a3 f5 13. h4 e5 0-1